[Event "Frauenbundesliga 2018/2019"]
[Site "St.Veit/Glan Fuchspalast & Blumenhalle; Jenbach Veranstaltungszentrum"]
[Date "2018.11.18"]
[Round "2"]
[Board "4"]
[White "Bas, Aydan"]
[Black "Kordzadze, Nino"]
[Result "0-1"]
[WhiteElo "1486"]
[BlackElo "1977"]
[PlyCount "54"]
[EventDate "2018.11.17"]
[EventType "team"]
[EventRounds "7"]
[EventCountry "AUT"]
[WhiteTeam "SK Dornbirn"]
[BlackTeam "SK Advisory Invest Baden"]

1. e4 {[%emt 0:00:00]} d5 2. exd5 Qxd5 3. Nc3 Qa5 4. Nf3 Nf6 5. Bc4 Bg4 6. h3
Bh5 7. d3 c6 8. Bd2 Qc7 9. g4 Bg6 10. Ne2 e6 11. Bf4 Bd6 12. Qd2 Nbd7 13. Bxd6
Qxd6 14. O-O-O b5 15. Bb3 Nc5 16. Nf4 a5 17. Nxg6 hxg6 18. c3 Nxb3+ 19. axb3 a4
20. b4 a3 21. bxa3 Qd5 22. Nd4 Rxa3 23. Qb2 Ra2 24. c4 Qg5+ 25. Qd2 Rxd2 26.
Rxd2 Qe5 27. Nxc6 Qa1+  0-1

[Event "Frauenbundesliga 2018/2019"]
[Site "St.Veit/Glan Fuchspalast & Blumenhalle; Jenbach Veranstaltungszentrum"]
[Date "2018.11.18"]
[Round "2"]
[Board "1"]
[White "Worek, Joanna"]
[Black "Schnegg, Anna-Lena"]
[Result "1-0"]
[WhiteElo "2308"]
[BlackElo "2238"]
[PlyCount "63"]
[EventDate "2018.11.17"]
[EventType "team"]
[EventRounds "7"]
[EventCountry "AUT"]
[WhiteTeam "ASVOE Pamhagen"]
[BlackTeam "SK Mayrhofen/Zell/Zillertal"]

1. e4 e5 2. Nf3 d6 3. d4 exd4 4. Nxd4 Nf6 5. Nc3 Be7 6. Be2 O-O 7. O-O Re8 8.
f4 Bf8 9. Bf3 c5 10. Nde2 Nc6 11. a4 Bd7 12. h3 Nb4 13. e5 dxe5 14. fxe5 Rxe5
15. Bf4 Re6 16. Bxb7 Bc6 17. Bxa8 Qxa8 18. Rf2 Nh5 19. Kh2 Rg6 20. g3 Nf6 21.
Ng1 Nbd5 22. Nxd5 Nxd5 23. Ne2 h5 24. c4 Nf6 25. Nc3 h4 26. gxh4 Bg2 27. h5
Bxh3 28. hxg6 Ng4+ 29. Kg3 Nxf2 30. gxf7+ Kxf7 31. Qd5+ Qxd5 32. Nxd5  1-0

[Event "Frauenbundesliga 2018/2019"]
[Site "St.Veit/Glan Fuchspalast & Blumenhalle; Jenbach Veranstaltungszentrum"]
[Date "2018.11.18"]
[Round "2"]
[Board "2"]
[White "Schloffer, Jasmin-Denise"]
[Black "Teuschler, Barbara"]
[Result "0-1"]
[WhiteElo "2135"]
[BlackElo "2203"]
[PlyCount "54"]
[EventDate "2018.11.17"]
[EventType "team"]
[EventRounds "7"]
[EventCountry "AUT"]
[WhiteTeam "SK Mayrhofen/Zell/Zillertal"]
[BlackTeam "ASVOE Pamhagen"]

1. d4 {[%emt 0:00:00]} d5 2. c4 dxc4 3. Nf3 Nf6 4. e3 Bg4 5. Bxc4 e6 6. O-O a6
7. Bb3 Nc6 8. Nc3 Bd6 9. Qe2 O-O 10. Rd1 Qe7 11. Bc2 e5 12. Ne4 exd4 13. exd4
Kh8 14. Bg5 Rae8 15. Bxf6 gxf6 16. Qd2 Nb4 17. Bb1 f5 18. Ng3 Qf6 19. Kh1 Rg8
20. Bc2 Nxc2 21. Qxc2 f4 22. Ne2 Rg6 23. Qd3 Reg8 24. Rg1 Rh6 25. Rge1 Qg7 26.
Rg1 Rh5 27. Rge1 Bf5  0-1

[Event "Frauenbundesliga 2018/2019"]
[Site "St.Veit/Glan Fuchspalast & Blumenhalle; Jenbach Veranstaltungszentrum"]
[Date "2018.11.18"]
[Round "2"]
[Board "3"]
[White "Batyte, Daiva"]
[Black "Wu, Min"]
[Result "1/2-1/2"]
[WhiteElo "2144"]
[BlackElo "1924"]
[PlyCount "175"]
[EventDate "2018.11.17"]
[EventType "team"]
[EventRounds "7"]
[EventCountry "AUT"]
[WhiteTeam "ASVOE Pamhagen"]
[BlackTeam "SK Mayrhofen/Zell/Zillertal"]

1. Nf3 d5 2. g3 Nf6 3. Bg2 e6 4. O-O c5 5. d3 Nc6 6. Nbd2 Be7 7. e4 O-O 8. Re1
Qc7 9. c3 b5 10. e5 Nd7 11. Qe2 Bb7 12. b3 Rfc8 13. Bb2 Qb6 14. c4 Nb4 15. Rec1
a5 16. a3 Nc6 17. cxd5 exd5 18. e6 Nf8 19. exf7+ Kh8 20. Bh3 Rc7 21. d4 c4 22.
bxc4 bxc4 23. Bc3 Nd8 24. Ne5 Qf6 25. Ndf3 Bc8 26. Bxc8 Rcxc8 27. Rcb1 Rcb8 28.
Rxb8 Rxb8 29. Bxa5 Nxf7 30. Nxf7+ Qxf7 31. Ne5 Qe6 32. Bb4 Bxb4 33. axb4 Ng6
34. Ra7 Nxe5 35. Qxe5 Qxe5 36. dxe5 Kg8 37. Rd7 Rxb4 38. Rxd5 Kf7 39. Rd6 c3
40. Rc6 Re4 41. Rxc3 Rxe5 42. Rc7+ Kf6 43. Kg2 Re4 44. h3 h5 45. Rc5 Kg6 46. f4
Ra4 47. h4 Kh6 48. f5 Ra2+ 49. Kf3 Ra3+ 50. Kf4 Ra4+ 51. Ke5 Ra3 52. Rc6+ Kh7
53. Rg6 Ra4 54. Rd6 Ra5+ 55. Ke4 Ra4+ 56. Rd4 Ra3 57. Kf4 Rb3 58. Re4 Ra3 59.
Re3 Ra1 60. Kg5 Rf1 61. Re7 Rf3 62. Kxh5 Rxf5+ 63. Kg4 Ra5 64. Kf4 Rh5 65. Re6
Ra5 66. g4 Ra4+ 67. Kf5 Ra5+ 68. Re5 Rxe5+ 69. Kxe5 Kg8 70. h5 Kf7 71. g5 Kg8
72. Ke6 Kh7 73. Kd6 Kg8 74. g6 Kf8 75. Ke6 Kg8 76. Kf5 Kf8 77. Kg4 Kg8 78. Kg5
Kh8 79. h6 Kg8 80. hxg7 Kxg7 81. Kf5 Kg8 82. Kg4 Kg7 83. Kh5 Kg8 84. Kg5 Kg7
85. Kf5 Kg8 86. Kf6 Kf8 87. g7+ Kg8 88. Kg6  1/2-1/2

[Event "Frauenbundesliga 2018/2019"]
[Site "St.Veit/Glan Fuchspalast & Blumenhalle; Jenbach Veranstaltungszentrum"]
[Date "2018.11.18"]
[Round "2"]
[Board "4"]
[White "Roeck, Vanessa"]
[Black "Horvath, Maria"]
[Result "0-1"]
[WhiteElo "1623"]
[BlackElo "1975"]
[PlyCount "82"]
[EventDate "2018.11.17"]
[EventType "team"]
[EventRounds "7"]
[EventCountry "AUT"]
[WhiteTeam "SK Mayrhofen/Zell/Zillertal"]
[BlackTeam "ASVOE Pamhagen"]

1. e4 c5 2. d3 e6 3. g3 d5 4. Nd2 Nf6 5. Bg2 Nc6 6. f4 h5 7. Ngf3 Ng4 8. Qe2
Nb4 9. Nf1 dxe4 10. dxe4 b6 11. a3 Ba6 12. Qd2 Qxd2+ 13. Kxd2 Rd8+ 14. Kc3 Nc6
15. N1d2 g6 16. Kb3 Ne3 17. Bf1 b5 18. c4 bxc4+ 19. Nxc4 Nxc4 20. Kc3 Bg7+ 21.
e5 N4xe5 22. Nxe5 Bxf1 23. Rxf1 Nxe5 24. fxe5 Bxe5+ 25. Kc2 O-O 26. Rf2 Bd4 27.
Rf3 e5 28. Bh6 Rfe8 29. Raf1 f5 30. Rb3 Rb8 31. Rb1 Rxb3 32. Kxb3 e4 33. Kc4 e3
34. b4 e2 35. Bd2 Bf2 36. Be1 Re4+ 37. Kd3 c4+ 38. Kd2 Bg1 39. Kc2 Bd4 40. Kd2
g5 41. Kc2 f4  0-1

[Event "Frauenbundesliga 2018/2019"]
[Site "St.Veit/Glan Fuchspalast & Blumenhalle; Jenbach Veranstaltungszentrum"]
[Date "2018.11.18"]
[Round "2"]
[Board "1"]
[White "Brunello, Marina"]
[Black "Ragger, Anna-Christina"]
[Result "1-0"]
[WhiteElo "2356"]
[BlackElo "2276"]
[PlyCount "59"]
[EventDate "2018.11.17"]
[EventType "team"]
[EventRounds "7"]
[EventCountry "AUT"]
[WhiteTeam "Schach ohne Grenzen"]
[BlackTeam "SV Wulkaprodersdorf"]

1. e4 e5 2. Nf3 Nc6 3. Bb5 a6 4. Ba4 Nf6 5. d3 b5 6. Bb3 Be7 7. O-O O-O 8. Re1
d6 9. h3 Na5 10. Nc3 h6 11. Ne2 Nxb3 12. axb3 Re8 13. Ng3 c5 14. c4 Bd7 15. Nh2
Nh7 16. Ng4 Bg5 17. Ne3 g6 18. Nd5 Kg7 19. Rf1 Nf6 20. f4 Nxd5 21. fxg5 Nb4 22.
gxh6+ Kf8 23. Nh5 Qh4 24. Nf6 Ke7 25. Nh7 f6 26. Rxf6 Rh8 27. Rxg6 Kf7 28. Rg7+
Ke8 29. Bg5 Qg3 30. Qh5#  1-0

[Event "Frauenbundesliga 2018/2019"]
[Site "St.Veit/Glan Fuchspalast & Blumenhalle; Jenbach Veranstaltungszentrum"]
[Date "2018.11.18"]
[Round "2"]
[Board "2"]
[White "Cvitan, Ena"]
[Black "Ganzera, Andrea"]
[Result "1-0"]
[WhiteElo "2203"]
[BlackElo "1979"]
[PlyCount "51"]
[EventDate "2018.11.17"]
[EventType "team"]
[EventRounds "7"]
[EventCountry "AUT"]
[WhiteTeam "SV Wulkaprodersdorf"]
[BlackTeam "Schach ohne Grenzen"]

1. d4 Nf6 2. c4 g6 3. Nc3 Bg7 4. e4 d6 5. h3 O-O 6. Be3 e5 7. d5 Nbd7 8. Bd3
Nh5 9. Nge2 Nc5 10. g4 Nxd3+ 11. Qxd3 Nf4 12. Nxf4 exf4 13. Bd4 f6 14. O-O-O c5
15. dxc6 bxc6 16. Bc5 Qa5 17. Qxd6 f5 18. gxf5 Bxf5 19. Bb4 Qb6 20. exf5 Rab8
21. a3 a5 22. Na4 Qxf2 23. Qe6+ Kh8 24. Rd2 Qf3 25. Bxf8 Qxh1+ 26. Rd1  1-0

[Event "Frauenbundesliga 2018/2019"]
[Site "St.Veit/Glan Fuchspalast & Blumenhalle; Jenbach Veranstaltungszentrum"]
[Date "2018.11.18"]
[Round "2"]
[Board "3"]
[White "Anker, Christin"]
[Black "Moerwald, Magdalena"]
[Result "1/2-1/2"]
[WhiteElo "1802"]
[BlackElo "1838"]
[PlyCount "63"]
[EventDate "2018.11.17"]
[EventType "team"]
[EventRounds "7"]
[EventCountry "AUT"]
[WhiteTeam "Schach ohne Grenzen"]
[BlackTeam "SV Wulkaprodersdorf"]

1. e4 c6 2. d4 d5 3. Nc3 dxe4 4. Nxe4 Nd7 5. Ng5 Ngf6 6. Bd3 e6 7. N1f3 Bd6 8.
Qe2 h6 9. Ne4 Nxe4 10. Qxe4 Nf6 11. Qe2 O-O 12. O-O Re8 13. Bd2 Qc7 14. Rfe1 b6
15. c4 Bb7 16. h3 Rad8 17. Bc3 Nh5 18. Bc2 c5 19. dxc5 Qxc5 20. Be4 Nf4 21. Qe3
Qxe3 22. Rxe3 Ba6 23. b3 Re7 24. a4 Bc5 25. Ree1 Red7 26. Ne5 Rd6 27. b4 Bd4
28. Bxd4 Rxd4 29. Nc6 Bxc4 30. Nxd8 Ne2+ 31. Kh2 Rxe4 32. Nc6  1/2-1/2

[Event "Frauenbundesliga 2018/2019"]
[Site "St.Veit/Glan Fuchspalast & Blumenhalle; Jenbach Veranstaltungszentrum"]
[Date "2018.11.18"]
[Round "2"]
[Board "4"]
[White "Moerwald, Miriam"]
[Black "Wunderl, Eva"]
[Result "0-1"]
[WhiteElo "1679"]
[BlackElo "1908"]
[PlyCount "74"]
[EventDate "2018.11.17"]
[EventType "team"]
[EventRounds "7"]
[EventCountry "AUT"]
[WhiteTeam "SV Wulkaprodersdorf"]
[BlackTeam "Schach ohne Grenzen"]

1. e4 e5 2. Nf3 Nc6 3. Nc3 Nf6 4. Bb5 Bb4 5. O-O Qe7 6. d3 a6 7. Bc4 h6 8. h3
O-O 9. Nh2 Na5 10. Bb3 Nxb3 11. axb3 d6 12. f4 Bc5+ 13. Kh1 Bd7 14. Qf3 Nh7 15.
Nd5 Qd8 16. fxe5 c6 17. Nf4 dxe5 18. Nh5 Qh4 19. Bd2 f5 20. Be1 Qg5 21. h4 Qg6
22. Ng3 f4 23. Ne2 Be6 24. b4 Bd6 25. Nc1 Nf6 26. Rg1 Ng4 27. Nb3 Nxh2 28. Kxh2
Bxb3 29. cxb3 Qe6 30. Bc3 Qxb3 31. g3 Qe6 32. gxf4 Rxf4 33. Qg3 Qe7 34. Kh3
Raf8 35. Kg2 Qxh4 36. Qxh4 Rxh4 37. Bd2 Rg4+  0-1

[Event "Frauenbundesliga 2018/2019"]
[Site "St.Veit/Glan Fuchspalast & Blumenhalle; Jenbach Veranstaltungszentrum"]
[Date "2018.11.18"]
[Round "2"]
[Board "1"]
[White "Richterova, Natasa"]
[Black "Katter, Katharina"]
[Result "1-0"]
[WhiteElo "2227"]
[BlackElo "1816"]
[PlyCount "153"]
[EventDate "2018.11.17"]
[EventType "team"]
[EventRounds "7"]
[EventCountry "AUT"]
[WhiteTeam "Spg Steyr"]
[BlackTeam "SK DolomitenBank Lienz"]

1. e4 e6 2. d4 d5 3. Nd2 c5 4. exd5 exd5 5. Ngf3 Nc6 6. Bb5 Qe7+ 7. Be2 Nf6 8.
O-O Qc7 9. Re1 Be7 10. dxc5 O-O 11. Nb3 Na5 12. Nfd4 Nxb3 13. Nxb3 Bxc5 14.
Nxc5 Qxc5 15. Be3 Qc6 16. Bd4 a6 17. c3 Ne4 18. a4 Bf5 19. Bg4 Bg6 20. a5 Qb5
21. Qe2 Qb3 22. Ra3 Qc4 23. Qxc4 dxc4 24. Ra4 Nd2 25. Rb4 Nb3 26. Rxc4 Nxa5 27.
Rc7 Rfe8 28. Rxe8+ Rxe8 29. h3 Be4 30. Bd7 Rb8 31. Bb6 Nc6 32. Bc8 Nd8 33. Re7
Bc6 34. Bg4 h6 35. c4 g6 36. b4 h5 37. Bd7 Bxd7 38. Rxd7 Ne6 39. b5 axb5 40.
cxb5 Kf8 41. Ba7 Ke8 42. Rxf7 Kxf7 43. Bxb8 Kf6 44. Kf1 b6 45. Ba7 Nd4 46. Bxb6
Nxb5 47. Ke2 Nc3+ 48. Kd3 Nd5 49. Bd4+ Kf5 50. Be3 g5 51. Kd4 Ne7 52. Bc1 Ng6
53. g3 Ne7 54. Ba3 Ng6 55. Bd6 Nh8 56. f3 Ng6 57. g4+ hxg4 58. hxg4+ Ke6 59.
Bc7 Kd7 60. Bb8 Ke6 61. Ke4 Nh4 62. Bc7 Kd7 63. Bg3 Ng6 64. Kf5 Nf8 65. Kxg5
Ke7 66. f4 Kf7 67. f5 Nh7+ 68. Kf4 Kf6 69. Be1 Kg7 70. Bb4 Kf7 71. g5 Kg7 72.
g6 Nf8 73. Bxf8+ Kxf8 74. f6 Kg8 75. Kg5 Kh8 76. Kh6 Kg8 77. f7+  1-0

[Event "Frauenbundesliga 2018/2019"]
[Site "St.Veit/Glan Fuchspalast & Blumenhalle; Jenbach Veranstaltungszentrum"]
[Date "2018.11.18"]
[Round "2"]
[Board "2"]
[White "Landl, Margot"]
[Black "Saler-Grafenberger, Elisabeth"]
[Result "1-0"]
[WhiteElo "1942"]
[BlackElo "1860"]
[PlyCount "85"]
[EventDate "2018.11.17"]
[EventType "team"]
[EventRounds "7"]
[EventCountry "AUT"]
[WhiteTeam "SK DolomitenBank Lienz"]
[BlackTeam "Spg Steyr"]

1. e4 d6 2. d4 Nf6 3. Nc3 e5 4. Nf3 Nbd7 5. Bc4 Be7 6. O-O O-O 7. h3 c6 8. a4
a5 9. Bg5 h6 10. Bh4 Re8 11. Re1 Qb6 12. Qd2 exd4 13. Qxd4 Qxd4 14. Nxd4 Ne5
15. Be2 g5 16. Bg3 Ng6 17. Rad1 Bf8 18. Bf1 Nh5 19. Bh2 Nhf4 20. Nce2 Be6 21.
Nxe6 fxe6 22. Nxf4 gxf4 23. e5 Rad8 24. exd6 Bxd6 25. Bc4 Kf7 26. g3 Ne5 27.
Be2 f3 28. Bf1 Kf6 29. g4 Nf7 30. Bxd6 Nxd6 31. Re3 Kg5 32. Rxf3 e5 33. Rfd3
Re6 34. c4 c5 35. Bg2 b6 36. Be4 Rf6 37. Bf5 h5 38. Rd5 hxg4 39. Bxg4 Kf4 40.
f3 e4 41. fxe4 Kg3 42. R1d3+ Kh4 43. Rh5#  1-0

[Event "Frauenbundesliga 2018/2019"]
[Site "St.Veit/Glan Fuchspalast & Blumenhalle; Jenbach Veranstaltungszentrum"]
[Date "2018.11.18"]
[Round "2"]
[Board "3"]
[White "Hackbarth, Christa"]
[Black "Zechner, Andrea"]
[Result "0-1"]
[WhiteElo "1774"]
[BlackElo "1863"]
[PlyCount "108"]
[EventDate "2018.11.17"]
[EventType "team"]
[EventRounds "7"]
[EventCountry "AUT"]
[WhiteTeam "Spg Steyr"]
[BlackTeam "SK DolomitenBank Lienz"]

1. d4 {[%emt 0:00:00]} d5 {[%emt 0:00:00]} 2. Nf3 {[%emt 0:00:00]} Nf6 3. Bf4
c6 4. c3 Qb6 5. Qc2 g6 6. Nbd2 Bg7 7. e3 Bf5 8. Qb3 O-O 9. Be2 Nbd7 10. Ne5 c5
11. Qb5 c4 12. Qxb6 axb6 13. f3 b5 14. e4 Be6 15. Bd1 Nb6 16. Kf2 h6 17. Bc2 g5
18. Be3 Nh5 19. h3 Nf6 20. Rhe1 Nfd7 21. Nxd7 Bxd7 22. a4 Nxa4 23. Bxa4 bxa4
24. exd5 b5 25. Ne4 Bf5 26. Nc5 Rfd8 27. Bd2 Kf8 28. f4 g4 29. hxg4 Bxg4 30.
Re3 Rxd5 31. Rae1 e6 32. Ra1 Bf6 33. Ree1 Bh4+ 34. g3 Be7 35. Ne4 Rh5 36. Rh1
Rxh1 37. Rxh1 h5 38. Ke3 Kg7 39. Nf2 Rh8 40. Ke4 Bf5+ 41. Ke3 h4 42. g4 Bg6 43.
Be1 f6 44. Nd1 h3 45. Bg3 b4 46. Kd2 Be4 47. Rh2 a3 48. bxa3 bxa3 49. Kc1 Rb8
50. Ra2 Rb1+ 51. Kd2 Bf3 52. Nf2 Rg1 53. Bh2 Rg2 54. Ke3 Bxg4  0-1

[Event "Frauenbundesliga 2018/2019"]
[Site "St.Veit/Glan Fuchspalast & Blumenhalle; Jenbach Veranstaltungszentrum"]
[Date "2018.11.18"]
[Round "2"]
[Board "4"]
[White "Mattersberger, Melanie"]
[Black "Bernhard, Julia"]
[Result "1/2-1/2"]
[WhiteElo "1679"]
[BlackElo "1821"]
[PlyCount "79"]
[EventDate "2018.11.17"]
[EventType "team"]
[EventRounds "7"]
[EventCountry "AUT"]
[WhiteTeam "SK DolomitenBank Lienz"]
[BlackTeam "Spg Steyr"]

1. e4 e5 2. Nf3 Nc6 3. Bb5 a6 4. Bxc6 dxc6 5. O-O Bd6 6. d4 exd4 7. Qxd4 f6 8.
h3 Be6 9. b3 Ne7 10. Bb2 c5 11. Qe3 Qd7 12. e5 Nd5 13. Qd2 Be7 14. exf6 gxf6
15. c4 Nb4 16. Qxd7+ Bxd7 17. Nbd2 Rg8 18. Kh2 Nd3 19. Bc3 Nf4 20. Nh4 O-O-O
21. Rae1 Bd6 22. Ne4 Bc6 23. Nxd6+ Rxd6 24. g3 Nh5 25. Nf5 Kd7 26. Re7+ Kd8 27.
Rxh7 Rd3 28. Ba1 Nxg3 29. Bxf6+ Kc8 30. Ne7+ Kb8 31. Nxc6+ bxc6 32. Rg1 Rd2 33.
Rg7 Rxg7 34. Bxg7 Nf5 35. Bc3 Rxf2+ 36. Rg2 Rf3 37. Be5 Nd4 38. Rg8+ Kb7 39.
Kg2 Re3 40. Bf6  1/2-1/2

[Event "Frauenbundesliga 2018/2019"]
[Site "St.Veit/Glan Fuchspalast & Blumenhalle; Jenbach Veranstaltungszentrum"]
[Date "2018.11.18"]
[Round "2"]
[Board "1"]
[White "Rozman, Monika"]
[Black "Polterauer, Chiara"]
[Result "0-1"]
[WhiteElo "2077"]
[BlackElo "2218"]
[PlyCount "92"]
[EventDate "2018.11.17"]
[EventType "team"]
[EventRounds "7"]
[EventCountry "AUT"]
[WhiteTeam "SV Chesshero Rapid Feffernitz"]
[BlackTeam "SV "Monatsblatt" St.Veit/Glan"]

1. e4 e5 2. Nf3 Nc6 3. Bc4 Bc5 4. c3 Nf6 5. d3 O-O 6. O-O a6 7. Bb3 Ba7 8. Re1
d6 9. Nbd2 Ne7 10. Nf1 Ng6 11. Be3 Be6 12. Ng3 h6 13. Bxa7 Rxa7 14. d4 Bxb3 15.
Qxb3 Re8 16. Rad1 Qd7 17. h3 Qc6 18. d5 Qb5 19. Qc2 Nd7 20. a4 Qb6 21. Nd2 a5
22. Nc4 Qa6 23. Na3 Qb6 24. Nf5 Ne7 25. Nxe7+ Rxe7 26. Nc4 Qc5 27. Ne3 Re8 28.
Rd3 Kh7 29. Qd2 Nf6 30. Nf5 Nh5 31. b4 Qc4 32. Rf3 axb4 33. cxb4 Rxa4 34. Rc1
Qxe4 35. Nxh6 gxh6 36. Rxf7+ Kg6 37. Rfxc7 Nf4 38. f3 Qe2 39. Qc2+ Qxc2 40.
R1xc2 Rxb4 41. Rd7 Rb6 42. Rcc7 Nxd5 43. Rg7+ Kf6 44. Rcf7+ Ke6 45. h4 Rb1+ 46.
Kh2 Re7  0-1

[Event "Frauenbundesliga 2018/2019"]
[Site "St.Veit/Glan Fuchspalast & Blumenhalle; Jenbach Veranstaltungszentrum"]
[Date "2018.11.18"]
[Round "2"]
[Board "2"]
[White "Hiebler, Laura"]
[Black "Urh, Zala"]
[Result "1-0"]
[WhiteElo "2023"]
[BlackElo "2046"]
[PlyCount "51"]
[EventDate "2018.11.17"]
[EventType "team"]
[EventRounds "7"]
[EventCountry "AUT"]
[WhiteTeam "SV "Monatsblatt" St.Veit/Glan"]
[BlackTeam "SV Chesshero Rapid Feffernitz"]

1. c4 {[%emt 0:00:00]} e5 2. g3 Nf6 3. Bg2 d5 4. cxd5 Nxd5 5. Nc3 Nb6 6. Nf3
Nc6 7. O-O Be7 8. d3 O-O 9. a3 Re8 10. Be3 Bf8 11. b4 a5 12. b5 Nd4 13. Nd2 c6
14. bxc6 Nxc6 15. Rb1 Nd4 16. Nb5 Nd5 17. Bxd5 Qxd5 18. Nc7 Qd7 19. Nxa8 b5 20.
Nb6 Qb7 21. Nxc8 Rxc8 22. Nb3 Bxa3 23. Bxd4 exd4 24. Nxd4 Bb4 25. e4 Qe7 26.
Nc2  1-0

[Event "Frauenbundesliga 2018/2019"]
[Site "St.Veit/Glan Fuchspalast & Blumenhalle; Jenbach Veranstaltungszentrum"]
[Date "2018.11.18"]
[Round "2"]
[Board "3"]
[White "Zoehrer, Sarah"]
[Black "Tarmastin, Laura"]
[Result "0-1"]
[WhiteElo "1694"]
[BlackElo "1895"]
[PlyCount "44"]
[EventDate "2018.11.17"]
[EventType "team"]
[EventRounds "7"]
[EventCountry "AUT"]
[WhiteTeam "SV Chesshero Rapid Feffernitz"]
[BlackTeam "SV "Monatsblatt" St.Veit/Glan"]

1. d4 Nf6 2. Bf4 e6 3. Nf3 d5 4. e3 c5 5. c3 Nc6 6. Bd3 h6 7. Nbd2 Nh5 8. Bg3
Nxg3 9. hxg3 cxd4 10. exd4 Bd6 11. Qe2 Qc7 12. Ng5 Bxg3 13. Qh5 Bf4 14. Nxf7
Bxd2+ 15. Kxd2 Qf4+ 16. Ke1 O-O 17. Nxh6+ Qxh6 18. Qxh6 gxh6 19. Rxh6 Bd7 20.
Ke2 e5 21. Rd6 Rad8 22. f3 e4  0-1

[Event "Frauenbundesliga 2018/2019"]
[Site "St.Veit/Glan Fuchspalast & Blumenhalle; Jenbach Veranstaltungszentrum"]
[Date "2018.11.18"]
[Round "2"]
[Board "4"]
[White "Krassnitzer, Maria"]
[Black "Zeber, Katja"]
[Result "1-0"]
[WhiteElo "1638"]
[BlackElo "1568"]
[PlyCount "81"]
[EventDate "2018.11.17"]
[EventType "team"]
[EventRounds "7"]
[EventCountry "AUT"]
[WhiteTeam "SV "Monatsblatt" St.Veit/Glan"]
[BlackTeam "SV Chesshero Rapid Feffernitz"]

1. e4 {[%emt 0:00:00]} e5 {[%emt 0:00:00]} 2. Nf3 Nc6 3. Bc4 Bc5 4. O-O Nf6 5.
d3 h6 6. Nc3 d6 7. a3 a5 8. Bd2 Bg4 9. Bb5 O-O 10. h3 Bh5 11. g4 Nxg4 12. hxg4
Bxg4 13. Bxc6 bxc6 14. Kg2 f5 15. Kg3 Qd7 16. exf5 Rxf5 17. Nxe5 dxe5 18. Qxg4
Raf8 19. f4 exf4+ 20. Bxf4 Bd6 21. Ne4 Bxf4+ 22. Rxf4 h5 23. Qh3 Qd5 24. Raf1
Rxf4 25. Rxf4 Rxf4 26. Kxf4 Qf7+ 27. Qf5 Qxf5+ 28. Kxf5 Kh7 29. Kg5 g6 30. a4
Kg7 31. c3 Kf7 32. b4 Ke7 33. Kf4 Kd8 34. Ke5 Kc8 35. Ke6 h4 36. Ng5 Kb7 37.
Kd7 Kb6 38. bxa5+ Kxa5 39. Kxc6 Kxa4 40. Kxc7 Kb5 41. d4  1-0

[Event "Frauenbundesliga 2018/2019"]
[Site "St.Veit/Glan Fuchspalast & Blumenhalle; Jenbach Veranstaltungszentrum"]
[Date "2019.01.18"]
[Round "3"]
[Board "1"]
[White "Brunello, Marina"]
[Black "Hoolt, Sarah"]
[Result "1-0"]
[WhiteElo "2356"]
[BlackElo "2324"]
[PlyCount "55"]
[EventDate "2018.11.17"]
[EventType "team"]
[EventRounds "7"]
[EventCountry "AUT"]
[WhiteTeam "Schach ohne Grenzen"]
[BlackTeam "ASVOE Pamhagen"]

1. e4 {[%emt 0:00:00]} e6 {[%emt 0:00:00]} 2. d4 {[%emt 0:00:00]} d5 3. e5 c5
4. c3 Nc6 5. Nf3 Qb6 6. Be2 cxd4 7. cxd4 Nh6 8. Bd3 Bd7 9. Bc2 g5 10. h3 Nf5
11. Bxf5 exf5 12. Nc3 Be6 13. Bxg5 Rg8 14. O-O Nxd4 15. Nxd4 Rxg5 16. Nf3 Rg6
17. Nxd5 Bxd5 18. Qxd5 Rd8 19. Qc4 Qc6 20. Qb3 Qb6 21. Qc2 Bc5 22. Rad1 Rxd1
23. Rxd1 f4 24. Qd2 Rg3 25. e6 fxe6 26. Ne5 Rg7 27. Qxf4 Be7 28. Qa4+  1-0

[Event "Frauenbundesliga 2018/2019"]
[Site "St.Veit/Glan Fuchspalast & Blumenhalle; Jenbach Veranstaltungszentrum"]
[Date "2019.01.18"]
[Round "3"]
[Board "2"]
[White "Theissl-Pokorna, Regina"]
[Black "Stangl, Anita"]
[Result "1-0"]
[WhiteElo "2304"]
[BlackElo "2008"]
[PlyCount "51"]
[EventDate "2018.11.17"]
[EventType "team"]
[EventRounds "7"]
[EventCountry "AUT"]
[WhiteTeam "ASVOE Pamhagen"]
[BlackTeam "Schach ohne Grenzen"]

1. e4 e6 2. d4 d5 3. e5 c5 4. c3 Nc6 5. Nf3 Qb6 6. a3 a5 7. Bd3 Bd7 8. O-O cxd4
9. cxd4 Nxd4 10. Nxd4 Qxd4 11. Nc3 Qxe5 12. Re1 Qd6 13. Nb5 Qb8 14. Qf3 Bd6 15.
Nxd6+ Qxd6 16. Bf4 Qe7 17. Qg3 f6 18. Rac1 Rc8 19. Rxc8+ Bxc8 20. Bd6 Qf7 21.
Bb5+ Bd7 22. Qc3 Bc6 23. Bxc6+ bxc6 24. Qxc6+ Kd8 25. Qb6+ Kd7 26. Qc7+  1-0

[Event "Frauenbundesliga 2018/2019"]
[Site "St.Veit/Glan Fuchspalast & Blumenhalle; Jenbach Veranstaltungszentrum"]
[Date "2019.01.18"]
[Round "3"]
[Board "3"]
[White "Wunderl, Eva"]
[Black "Worek, Joanna"]
[Result "0-1"]
[WhiteElo "1908"]
[BlackElo "2308"]
[PlyCount "90"]
[EventDate "2018.11.17"]
[EventType "team"]
[EventRounds "7"]
[EventCountry "AUT"]
[WhiteTeam "Schach ohne Grenzen"]
[BlackTeam "ASVOE Pamhagen"]

1. e4 c5 2. Nf3 Nc6 3. Bb5 e6 4. O-O Nge7 5. Re1 a6 6. Bf1 Ng6 7. c3 Be7 8. d4
d6 9. Be3 O-O 10. h3 b6 11. d5 exd5 12. exd5 Nce5 13. Nbd2 f5 14. Nc4 Nxf3+ 15.
Qxf3 f4 16. Bc1 b5 17. Nd2 Bg5 18. Qe2 Bd7 19. Nf3 Qf6 20. c4 Rae8 21. Qd1 Ne5
22. Nxe5 Rxe5 23. Rxe5 Qxe5 24. Qe2 Qd4 25. Qd3 Bf6 26. Qxd4 Bxd4 27. Bd3 f3
28. Be3 fxg2 29. Bxd4 cxd4 30. Kxg2 Bxh3+ 31. Kg3 Bf5 32. Rd1 Bxd3 33. Rxd3
bxc4 34. Rxd4 Rb8 35. Rxc4 Rxb2 36. Ra4 Rb6 37. Rc4 Kf7 38. Rc7+ Kf6 39. Ra7 h5
40. a4 Rb3+ 41. f3 g5 42. Rxa6 Ke5 43. Kg2 Rb2+ 44. Kh3 Kf4 45. Rxd6 g4+  0-1

[Event "Frauenbundesliga 2018/2019"]
[Site "St.Veit/Glan Fuchspalast & Blumenhalle; Jenbach Veranstaltungszentrum"]
[Date "2019.01.18"]
[Round "3"]
[Board "4"]
[White "Borek, Jutta"]
[Black "Kimpel, Janine"]
[Result "0-1"]
[WhiteElo "2081"]
[BlackElo "1918"]
[PlyCount "112"]
[EventDate "2018.11.17"]
[EventType "team"]
[EventRounds "7"]
[EventCountry "AUT"]
[WhiteTeam "ASVOE Pamhagen"]
[BlackTeam "Schach ohne Grenzen"]

1. c4 {[%emt 0:00:00]} e5 2. g3 Nc6 3. Bg2 g6 4. Nc3 Bg7 5. d3 d6 6. e4 Nge7 7.
Nge2 O-O 8. O-O Be6 9. Nd5 f5 10. exf5 Nxf5 11. Rb1 Rb8 12. b4 Ncd4 13. Nec3 c6
14. Ne3 Rc8 15. Ne4 b6 16. Nxf5 Bxf5 17. Be3 Qd7 18. f3 h6 19. Nf2 Be6 20. Bxd4
exd4 21. f4 d5 22. c5 bxc5 23. bxc5 Rb8 24. Qc2 Qc7 25. Rfe1 Qd7 26. Qa4 Rfe8
27. Rb3 Kh7 28. Reb1 Rxb3 29. Qxb3 Re7 30. Qb4 Bf5 31. Bf1 Qe6 32. Kg2 Qe3 33.
Rb2 Qc1 34. Be2 h5 35. h3 h4 36. g4 Re3 37. Nd1 Rg3+ 38. Kh2 Bxd3 39. Qd2 Qxd2
40. Rxd2 Be4 41. Ba6 g5 42. Bf1 gxf4 43. Nf2 Rc3 44. Bd3 Bxd3 45. Nxd3 f3 46.
Kg1 Bh6 47. Rd1 Be3+ 48. Kf1 Rc2 49. Ne5 Rh2 50. Nxf3 Rf2+ 51. Ke1 Rxf3 52. Rb1
d3 53. Rb7+ Kg6 54. Rc7 Rf6 55. Rxa7 Bxc5 56. Ra6 Bb4+  0-1